000 00701cam a2200217 a 4500
001 3874290
005 20171215083341.0
008 891201s1990 enk d 000 0 eng
010 _a 89071330
020 _a0198117337 :
_c$19.95
040 _aDLC
_cDLC
_dDLC
041 _aeng
080 _a803 BAL
082 0 0 _a803 BAL
_220
100 1 _a21
101 _aGJU
245 1 4 _aThe concise Oxford dictionary of literary terms /
_cChris Baldick.
906 _a7
_bcbc
_corignew
_d1
_eopcn
_f19
_gy-gencatlg
942 _2ddc
_cBK
999 _c39036
_d39036